000 00587cam a2200181 4500
008 090401t1990 xxu||||| |||| 00| 0 eng d
020 _a0580186040
035 _a(Sirsi) u35735
041 _aeng
110 _aBritish Standards Institution
_9130
245 _aBritish Standard fire precautions in the design, construction and use of buildings. Part 1: code of practice for residential buildings.
260 _aLondon
_bBritish Standards Institution
_c1990
300 _a60p. : ill. ; 30cm.
350 _a0
490 _aBS
_v5588: Part 1: 1990
942 _n0
948 _c04/03/1997
999 _c90147
_d90147